000 00342nam a22001577a 4500
003 MACL
005 20151223162758.0
008 151223b xxu||||| |||| 00| 0 eng d
040 _cMACL
041 _aEnglish
082 _a001/PAN
100 _aPandey,Ravi.N.
_918288
245 _aScience Quiz
650 _aQuiz
_922450
942 _2ddc
_cBK
999 _c51759
_d51759